Villes d‘Alsace - Statistiques

Statistiques générales
  • Ce quiz a été pris 1 677 fois
  • Le résultat moyen est 6 sur 10
Statistiques - réponses
Indice Réponse % Correct
Siège du parlement européen Strasbourg
100%
Préfécture du Haut-Rhin Colmar
98%
Ville la plus peuplée du Haut-Rhin Mulhouse
96%
Ville dont le nom est un fromage Munster
86%
Deuxième ville la plus peuplée du Bas-Rhin Haguenau
64%
Ville à la frontière avec Bâle et Lorrach Saint-Louis
64%
Capitale du Sundgau Altkirch
40%
Ville connue pour son eau Wattwiller
37%
Ville ayant un des plus beaux marchés de Noël de France Éguisheim
16%
Ville peuplée dans la banlieue Strasbourgeoise Illkirch-Grafenstaden
3%
Aucun quiz correspondant
Distribution des résultats
% des personnes avec chaque résultat
Percentile par nombre de réponses
Votre historique - résultats
Vous n’avez pas pris ce quiz